<?xml version="1.0" encoding="UTF-8"?>
<record
    xmlns:xsi="http://www.w3.org/2001/XMLSchema-instance"
    xsi:schemaLocation="http://www.loc.gov/MARC21/slim http://www.loc.gov/standards/marcxml/schema/MARC21slim.xsd"
    xmlns="http://www.loc.gov/MARC21/slim">

  <leader>01071nmm a2200265   4500</leader>
  <controlfield tag="005">20260321064057.0</controlfield>
  <controlfield tag="008">200923b2008    ag ||||| |||| 00| 0 spa d</controlfield>
  <datafield tag="040" ind1=" " ind2=" ">
    <subfield code="a">AR-MoUNM</subfield>
  </datafield>
  <datafield tag="041" ind1=" " ind2=" ">
    <subfield code="a">spa</subfield>
  </datafield>
  <datafield tag="082" ind1="0" ind2=" ">
    <subfield code="2">20</subfield>
    <subfield code="b">SCHL 338</subfield>
  </datafield>
  <datafield tag="100" ind1="1" ind2=" ">
    <subfield code="9">5577</subfield>
    <subfield code="a">Schlaen, Carlos.</subfield>
  </datafield>
  <datafield tag="245" ind1="1" ind2="0">
    <subfield code="a">Anchorage al sur</subfield>
    <subfield code="h">[recurso electr&#xF3;nico] /</subfield>
    <subfield code="c">Carlos Schlaen ; ilustraci&#xF3;n, JImena Tello.</subfield>
  </datafield>
  <datafield tag="260" ind1=" " ind2=" ">
    <subfield code="a">Buenos Aires :</subfield>
    <subfield code="b">Ministerio de Educaci&#xF3;n,</subfield>
    <subfield code="c">2008.</subfield>
  </datafield>
  <datafield tag="300" ind1=" " ind2=" ">
    <subfield code="a">1 recurso en l&#xED;nea (7 p.).</subfield>
  </datafield>
  <datafield tag="490" ind1="0" ind2=" ">
    <subfield code="a">(Colecci&#xF3;n: "Escritores en escuelas")</subfield>
  </datafield>
  <datafield tag="500" ind1=" " ind2=" ">
    <subfield code="a">2&#xB0; ciclo.</subfield>
  </datafield>
  <datafield tag="505" ind1="0" ind2=" ">
    <subfield code="t">&#x201C;Anchorage al Sur&#x201D; en el libro digital  &#x201C;Manzi para chicos&#x201D;. Secretar&#xED;a de Cultura de la Naci&#xF3;n /</subfield>
    <subfield code="r">Carlos Schlaen.</subfield>
  </datafield>
  <datafield tag="650" ind1=" " ind2="7">
    <subfield code="a">LITERATURA</subfield>
    <subfield code="z">ARGENTINA</subfield>
    <subfield code="2">unescot</subfield>
    <subfield code="9">1913</subfield>
  </datafield>
  <datafield tag="650" ind1=" " ind2="7">
    <subfield code="a">CUENTO</subfield>
    <subfield code="2">unescot</subfield>
    <subfield code="9">185</subfield>
  </datafield>
  <datafield tag="650" ind1=" " ind2="7">
    <subfield code="a">ENSE&#xD1;ANZA PRIMARIA</subfield>
    <subfield code="2">unescot</subfield>
    <subfield code="9">667</subfield>
  </datafield>
  <datafield tag="653" ind1=" " ind2=" ">
    <subfield code="a">LITERATURA INFANTIL</subfield>
  </datafield>
  <datafield tag="700" ind1="1" ind2=" ">
    <subfield code="9">18770</subfield>
    <subfield code="a">Tello, Jimena,</subfield>
    <subfield code="d">1972-</subfield>
    <subfield code="e">il.</subfield>
  </datafield>
  <datafield tag="856" ind1=" " ind2=" ">
    <subfield code="u">http://planlectura.educ.ar/wp-content/uploads/2015/12/Anchorage-al-sur-Carlos-Schlaen.pdf</subfield>
    <subfield code="y">Acceda al libro electr&#xF3;nico</subfield>
  </datafield>
  <datafield tag="942" ind1=" " ind2=" ">
    <subfield code="c">EBOOK</subfield>
  </datafield>
  <datafield tag="999" ind1=" " ind2=" ">
    <subfield code="c">14484</subfield>
    <subfield code="d">14485</subfield>
  </datafield>
  <datafield tag="952" ind1=" " ind2=" ">
    <subfield code="0">0</subfield>
    <subfield code="1">0</subfield>
    <subfield code="4">0</subfield>
    <subfield code="7">0</subfield>
    <subfield code="a">DIGI</subfield>
    <subfield code="b">DIGI</subfield>
    <subfield code="d">2020-09-24</subfield>
    <subfield code="l">0</subfield>
    <subfield code="r">2020-09-24 00:00:00</subfield>
    <subfield code="u">&lt;a href=http://planlectura.educ.ar/wp-content/uploads/2015/12/Anchorage-al-sur-Carlos-Schlaen.pdf&gt;Acceda al libro electr&#xF3;nico&lt;a&gt;</subfield>
    <subfield code="w">2020-09-24</subfield>
    <subfield code="y">EBOOK</subfield>
  </datafield>
</record>
